Panorama de la pintura española

Guardat en:
Dades bibliogràfiques
Autor principal: Aguilera, Emiliano M (Autor)
Format: Llibre
Idioma:espanyol
Publicat: Barcelona Hymsa 1900
Matèries:
Etiquetes: Afegir etiqueta
Sense etiquetes, Sigues el primer a etiquetar aquest registre!

MARC

LEADER 00000nam a2200000 a 4500
001 UCT3650
003 CL-VaPUC
008 961024e19000000SP |||||||||||||||||spa|d
082 0 4 |a 759.6  |b AGU  |2 21 
100 0 |a Aguilera, Emiliano M  |e author  |9 372578 
245 1 0 |a Panorama de la pintura española 
300 |a 413 p 
942 |c BK 
945 |d 19961024 00:00:00  |a rleighto 
260 |a Barcelona  |b Hymsa  |c 1900 
600 0 |a El Greco   |9 341177 
600 0 7 |a MURILLO, BARTOLOME ESTEBAN  |2 CL-VaPUC  |9 342993 
600 0 7 |a RIBALTA, FRANCISCO  |2 CL-VaPUC  |9 346191 
600 0 7 |a VELAZQUEZ, DIEGO DE  |2 CL-VaPUC  |9 269210 
600 0 |a Goya y Lucientes, Francisco José de   |9 315215 
650 0 |a Pintura española   |9 315217 
650 0 |a Pintores españoles  |9 315216 
650 0 |a Pintura rupestre  |9 266892 
650 7 |a PINTURA ROMANICA  |2 CL-VaPUC  |9 267688 
650 7 |a PINTURA GOTICA  |2 CL-VaPUC  |9 268527 
651 0 |a España  |9 254926 
583 |a last modification  |c 19961024 00:00:00  |k Rodrigo Vera 
999 |c 253215  |d 253213 
952 |0 0  |1 0  |4 0  |6 759_600000000000000_AGU_1900  |7 0  |8 P  |9 273872  |a BIBARQ  |b BIBARQ  |d 2019-11-19  |i 3245470  |o 759.6 AGU 1900  |p 3245470  |r 2025-01-20  |w 2019-11-19  |y BK  |k ARQ